Nothing but the truth: expert evidence in principle and practice for surveyors, valuers and others, with a foreword by Lord Widgery (Record no. 87602)
[ view plain ]
| 000 -LEADER | |
|---|---|
| fixed length control field | 00784cam a2200241 4500 |
| 008 - FIXED-LENGTH DATA ELEMENTS--GENERAL INFORMATION | |
| fixed length control field | 090401t1975 xxu||||| |||| 00| 0 eng d |
| 020 ## - INTERNATIONAL STANDARD BOOK NUMBER | |
| International Standard Book Number | 0728200155 |
| 035 ## - SYSTEM CONTROL NUMBER | |
| System control number | (Sirsi) u18541 |
| 041 ## - LANGUAGE CODE | |
| Language code of text/sound track or separate title | eng |
| 050 ## - LIBRARY OF CONGRESS CALL NUMBER | |
| Classification number | 347.41067 |
| 100 ## - MAIN ENTRY--PERSONAL NAME | |
| Personal name | Watson, John Arthur Fergus |
| 245 ## - TITLE STATEMENT | |
| Title | Nothing but the truth: expert evidence in principle and practice for surveyors, valuers and others, with a foreword by Lord Widgery |
| 250 ## - EDITION STATEMENT | |
| Edition statement | 2nd |
| 260 ## - PUBLICATION, DISTRIBUTION, ETC. | |
| Place of publication, distribution, etc. | London |
| Name of publisher, distributor, etc. | Estates Gazette |
| Date of publication, distribution, etc. | 1975 |
| 300 ## - PHYSICAL DESCRIPTION | |
| Extent | xvi. 126p. 23cm |
| 350 ## - PRICE (NR) (BK AM CF MU VM SE) [OBSOLETE] | |
| Price | 2.5 |
| 520 ## - SUMMARY, ETC. | |
| Summary, etc. | Previous ed. 1971. - Index |
| 650 ## - SUBJECT ADDED ENTRY--TOPICAL TERM | |
| Topical term or geographic name entry element | MANAGEMENT-DISPUTE AVOIDANCE, MANAGEMENT AND RESOLUTION-DISPUTE MANAGEMENT AND RESOLUTION-ADVOCACY |
| 650 ## - SUBJECT ADDED ENTRY--TOPICAL TERM | |
| Topical term or geographic name entry element | EVIDENCE |
| 650 ## - SUBJECT ADDED ENTRY--TOPICAL TERM | |
| Topical term or geographic name entry element | PROOFS OF EVIDENCE |
| 942 ## - ADDED ENTRY ELEMENTS (KOHA) | |
| Suppress in OPAC | 0 |
| 948 ## - LOCAL PROCESSING INFORMATION (OCLC); SERIES PART DESIGNATOR (RLIN) | |
| c (OCLC) | 04/03/1997 |
| Withdrawn status | Lost status | Source of classification or shelving scheme | Damaged status | Not for loan | Home library | Current library | Shelving location | Date acquired | Cost, normal purchase price | Total Checkouts | Full call number | Barcode | Date last seen | Copy number | Cost, replacement price | Price effective from | Koha item type | Date last checked out |
|---|---|---|---|---|---|---|---|---|---|---|---|---|---|---|---|---|---|---|
| Dewey Decimal Classification | London | London | Books | 14/09/1999 | 2.50 | 347.41067 | 30007408 | 06/08/2019 | 2 | 2.50 | 06/08/2019 | Reference material | ||||||
| Dewey Decimal Classification | London | London | Books | 14/09/1999 | 2.50 | 7 | 347.41067 | 30024027 | 06/08/2019 | 3 | 2.50 | 06/08/2019 | Book | 12/11/2008 |